Statistics for Japanese J1 League Football Clubs by Badge

Click here to take the quiz!

General Stats

  • This quiz has been taken 158 times
    (101 since last reset)
  • The average score is 12 of 18

Answer Stats

Answer% Correct
ヴィッセル神戸
Vissel Kobe
97%
浦和レッドダイヤモンズ
Urawa Red Diamonds
81%
鹿島アントラーズ
Kashima Antlers
80%
横浜F・マリノス
Yokohama F·Marinos
76%
FC東京
FC Tokyo
76%
ガンバ大阪
Gamba Osaka
74%
川崎フロンターレ
Kawasaki Frontale
70%
セレッソ大阪
Cerezo Osaka
69%
サガン鳥栖
Sagan Tosu
66%
サンフレッチェ広島
Sanfrecce Hiroshima
63%
柏レイソル
Kashiwa Reysol
59%
北海道コンサドーレ札幌
Hokkaido Consadole Sapporo
57%
アルビレックス新潟
Albirex Niigata
55%
名古屋グランパス
Nagoya Grampus
53%
横浜FC
Yokohama FC
53%
湘南ベルマーレ
Shonan Bellmare
50%
京都サンガ
Kyoto Sanga
45%
アビスパ福岡
Avispa Fukuoka
43%

Score Distribution

Percentile by Number Answered

Percent of People with Each Score

Your Score History

You have not taken this quiz since the last reset